00318nam a2200121Ia 4500008004100000041000800041082001400049100002000063245004100083260003100124300003000155365001100185240624s9999 xx 000 0 und d aeng a658.3 LAM aLAMBERT JONAMAY a50 ACTIVITIES FOR DIVERSITY TRAINING c2004aNew DelhibHRD Press axi, : 312 : p. : cm. ; 28 cRSb32